Govt. of
Madhya Pradesh

यह देश तुम्‍हारा अपना है (Record no. 10189)

MARC details
000 -LEADER
fixed length control field 005760000a22001810004500
003 - CONTROL NUMBER IDENTIFIER
control field MACL
005 - DATE AND TIME OF LATEST TRANSACTION
control field 20160513124858.0
008 - FIXED-LENGTH DATA ELEMENTS--GENERAL INFORMATION
fixed length control field 160513b xxu||||| |||| 00| 0 eng d
040 ## - CATALOGING SOURCE
Original cataloging agency MACL
Transcribing agency MACL
041 ## - LANGUAGE CODE
Language code of text/sound track or separate title Hindi
082 ## - DEWEY DECIMAL CLASSIFICATION NUMBER
Classification number 891.431
100 ## - MAIN ENTRY--PERSONAL NAME
Personal name दीपक, हेमलता
9 (RLIN) 56683
245 ## - TITLE STATEMENT
Title यह देश तुम्‍हारा अपना है
Statement of responsibility, etc. हेमलता दीपक
260 ## - PUBLICATION, DISTRIBUTION, ETC. (IMPRINT)
Name of publisher, distributor, etc. संजय बुक सेन्‍टर
Date of publication, distribution, etc. 2000
Place of publication, distribution, etc. वाराणसी
350 ## - PRICE (NR) (BK AM CF MU VM SE) [OBSOLETE]
Price 70
650 ## - SUBJECT ADDED ENTRY--TOPICAL TERM
Topical term or geographic name as entry element Poetry
9 (RLIN) 56684
942 ## - ADDED ENTRY ELEMENTS (KOHA)
Koha item type Hindi Books
Call number prefix 800/HEM/P
Source of classification or shelving scheme
Holdings
Withdrawn status Lost status Source of classification or shelving scheme Damaged status Not for loan Home library Current library Date acquired Cost, normal purchase price Total Checkouts Full call number Barcode Date last seen Uniform Resource Identifier Price effective from Koha item type
          MACL MACL 13/05/2016 70.00   800/HEM/P CRH015014 29/04/2015 10073 15/04/2015 Books